Local area networks / (Record no. 628)

MARC details
000 -LEADER
fixed length control field 00700nac a22002051u 4500
008 - FIXED-LENGTH DATA ELEMENTS--GENERAL INFORMATION
fixed length control field 100906t xxu||||| |||| 00| 0 eng d
010 ## - LIBRARY OF CONGRESS CONTROL NUMBER
LC control number 2001055802
020 ## - INTERNATIONAL STANDARD BOOK NUMBER
International Standard Book Number 0072336056 (alk. paper)
020 ## - INTERNATIONAL STANDARD BOOK NUMBER
International Standard Book Number 9780071150804
082 00 - DEWEY DECIMAL CLASSIFICATION NUMBER
Classification number 004.68
Item number FOR
Edition number 22
100 ## - MAIN ENTRY--PERSONAL NAME
Personal name Forouzan, Behrouz A.
9 (RLIN) 18258
245 10 - TITLE STATEMENT
Title Local area networks /
Statement of responsibility, etc Behrouz A. Forouzan, with Sophia Chung Fegan.
260 ## - PUBLICATION, DISTRIBUTION, ETC. (IMPRINT)
Place of publication, distribution, etc Boston :
Name of publisher, distributor, etc McGraw-Hill,
Date of publication, distribution, etc c2003.
300 ## - PHYSICAL DESCRIPTION
Extent xx, 618 p. :
Other physical details ill. ;
Dimensions 24 cm.
440 #0 -
-- McGraw-Hill Forouzan networking series
-- 18259
500 ## - GENERAL NOTE
General note Includes index.
650 #0 - SUBJECT ADDED ENTRY--TOPICAL TERM
Topical term or geographic name as entry element Local area networks (Computer networks)
9 (RLIN) 18260
700 1# - ADDED ENTRY--PERSONAL NAME
Personal name Fegan, Sophia Chung.
9 (RLIN) 18261
942 ## - ADDED ENTRY ELEMENTS (KOHA)
Item type Book - Borrowing
Call number prefix 004.68 FOR
Source of classification or shelving scheme Dewey Decimal Classification
Holdings
Withdrawn status Item status Source of classification or shelving scheme Damaged status Not for loan Vendor Home library Current library Shelving location Date acquired Source of acquisition Cost, normal purchase price Total Checkouts Total Renewals Full call number Barcode Date last seen Date last borrowed Cost, replacement price Koha item type
    Dewey Decimal Classification       Central Library Central Library Lower Floor 20/07/2006   321.00 3 1 004.68 FOR 000003978 15/07/2025 23/11/2014 401.25 Book - Borrowing